000 00657nam a2200229Ia 4500
005 20260601193255.0
008 260601s9999||||xx |||||||||||||| ||und||
020 _a978-981-97-7241-4
_qebk
100 _aWenjie Zhang
245 0 _aWeb and Big Data
250 _a2024
260 _aHeidelberg, Germany
_bSpringer Nature
_c2024
440 _aLecture Notes in Computer Science
650 _aComputer Science
700 _aAnthony Tung
700 _aHongjie Guo
700 _aXiaoyang Wang
700 _aZhengyi Yang
700 _aZhonglong Zheng
856 _uhttps://link.springer.com/openurl?genre=book&isbn=978-981-97-7241-4
942 _cEB
_2ddc
999 _c56847
_d56847